000 00543cam a22002171 4500
001 sa 63001812
003 DLC
005 20260227111930.0
008 890725s1962 ii 000 0 hino
010 _asa 63001812
035 _a(OCoLC)20067386
040 _aDLC
_cWaU
_dDLC
042 _apremarc
050 0 0 _aPK1718.T24
_bA6 1962
100 1 _aTagore, Rabindranath,
_d1861-1941.
245 1 0 _aRavīndra subhāshita aura sūktiyāṃ.
260 _c[1962]
300 _a238 p.
_c19 cm.
500 _aIn Hindi.
700 1 _aŚaraṇa.
999 _c54162
_d54162